Toán học cao cấp
Sách trình bày về hàm số một biến số thực, giới hạn và sự liên tục của hàm số một biến, đạo hàm và vi phân của hàm số một biến số, các định lí về giá trị trung bình, nguyên hàm và tích phân bất định....
Đã lưu trong:
| 主要作者: | |
|---|---|
| 格式: | 圖書 |
| 語言: | Undetermined |
| 出版: |
Hà Nội
Giáo dục
2006
|
| 主題: | |
| 標簽: |
添加標簽
沒有標簽, 成為第一個標記此記錄!
|
| Thư viện lưu trữ: | Trung tâm Học liệu Trường Đại học Cần Thơ |
|---|
| LEADER | 00950nam a2200205Ia 4500 | ||
|---|---|---|---|
| 001 | CTU_104315 | ||
| 008 | 210402s9999 xx 000 0 und d | ||
| 020 | |c 21400 | ||
| 082 | |a 515 | ||
| 082 | |b Tr300/T.2 | ||
| 100 | |a Nguyễn, Đình Trí | ||
| 245 | 0 | |a Toán học cao cấp | |
| 245 | 0 | |c Chủ biên: Nguyễn Đình Trí ; Tạ Văn Đĩnh, Nguyễn Hồ Quỳnh | |
| 260 | |a Hà Nội | ||
| 260 | |b Giáo dục | ||
| 260 | |c 2006 | ||
| 520 | |a Sách trình bày về hàm số một biến số thực, giới hạn và sự liên tục của hàm số một biến, đạo hàm và vi phân của hàm số một biến số, các định lí về giá trị trung bình, nguyên hàm và tích phân bất định. | ||
| 650 | |a Functions of real variables,Analysis, mathematical | ||
| 904 | |i Minh | ||
| 980 | |a Trung tâm Học liệu Trường Đại học Cần Thơ | ||